|
|
|
|
| LEADER |
00000nam0a2200000 4500 |
| 001 |
272874 |
| 005 |
20231101234557.0 |
| 035 |
|
|
|a (RuTPU)RU\TPU\book\296083
|
| 090 |
|
|
|a 272874
|
| 100 |
|
|
|a 20141022d1987 k y0rusy50 ca
|
| 101 |
0 |
|
|a rus
|
| 102 |
|
|
|a RU
|
| 105 |
|
|
|a y z 001zy
|
| 200 |
1 |
|
|a Оптимизация методов решения операторных уравнений
|f В. П. Танана, М. А. Рекант, С. И. Янченко
|
| 210 |
|
|
|a Свердловск
|c Изд-во Уральского ун-та
|d 1987
|
| 215 |
|
|
|a 200 с.
|
| 320 |
|
|
|a Библиогр.: с. 177-196
|
| 606 |
1 |
|
|a Операторы
|2 stltpush
|3 (RuTPU)RU\TPU\subj\47037
|9 66098
|
| 610 |
1 |
|
|a операторные уравнения
|
| 610 |
1 |
|
|a методы решения
|
| 610 |
1 |
|
|a оптимизация
|
| 610 |
1 |
|
|a погрешности
|
| 610 |
1 |
|
|a алгоритмы
|
| 675 |
|
|
|a 517.98
|v 4
|
| 700 |
|
1 |
|a Танана
|b В. П.
|g Виталий Павлович
|
| 701 |
|
1 |
|a Рекант
|b М. А.
|g Марк Александрович
|
| 701 |
|
1 |
|a Янченко
|b С. И.
|g Светлана Игоревна
|
| 801 |
|
1 |
|a RU
|b 63413507
|c 20141022
|
| 801 |
|
2 |
|a RU
|b 63413507
|c 20190111
|g RCR
|
| 942 |
|
|
|c BK
|